000 00319nam a22001337a 4500
008 181203b xxu||||| |||| 00| 0 eng d
020 _a9780072951721
041 _aeng
080 _28 ED
_a574
100 _a9
101 _aMJE
245 _aEnvironmental Science A Global concern
_cWilliam.P.C
942 _2udc
_cBK
999 _c52720
_d52720